Historia contemporánea
I tiakina i:
| Ngā kaituhi matua: | , , , , , , , , |
|---|---|
| Hōputu: | Pukapuka |
| Reo: | Pāniora |
| I whakaputaina: |
Barcelona, España
Labor
1980
|
| Putanga: | Tercera edición |
| Rangatū: | Labor universitaria
|
| Ngā marau: | |
| Ngā Tūtohu: |
Tāpirihia he Tūtohu
Kāore He Tūtohu, Me noho koe te mea tuatahi ki te tūtohu i tēnei pūkete!
|
MARC
| LEADER | 00000nam a2200000 a 4500 | ||
|---|---|---|---|
| 001 | UCX2590 | ||
| 003 | CL-VaPUC | ||
| 005 | 20240605160919.0 | ||
| 008 | 910627e19800000SP |||||||||||||||||spa|d | ||
| 999 | |c 223581 |d 223579 | ||
| 040 | |c Pontificia Universidad Católica de Valparaíso | ||
| 082 | 0 | 4 | |a 909.8 NER 1980 |2 21 |
| 100 | |a Néré, Jacques |e autor |9 318579 | ||
| 245 | 1 | 0 | |a Historia contemporánea |
| 250 | |a Tercera edición | ||
| 260 | |a Barcelona, España |b Labor |c 1980 | ||
| 300 | |a 589 páginas | ||
| 490 | 0 | |a Labor universitaria | |
| 583 | |a last modification |c 19910627 00:00:00 |k Rodrigo Vera | ||
| 650 | 7 | |a Historia moderna |2 CL-VaPUC |9 318588 |y Siglo 20 | |
| 650 | 0 | |a Guerra mundial, 1914-1918 |9 344530 | |
| 650 | 0 | |a Guerra mundial II, 1939 - 1945 |9 267781 | |
| 700 | 0 | |a Drouin, J. C |e author |9 318580 | |
| 700 | 0 | |a Gadille, J |e author |9 318581 | |
| 700 | 0 | |a Guillen, P |e author |9 318582 | |
| 700 | 0 | |a Gut, P |e author |9 318583 | |
| 700 | 0 | |a Lesourd, J. A |e author |9 318584 | |
| 700 | 0 | |a Pedroncini, G |e author |9 318585 | |
| 700 | 0 | |a Tudesq, A. J |e author |9 318586 | |
| 700 | 0 | |a Vidalenc, J |e author |9 318587 | |
| 942 | |c BK |2 ddc | ||
| 945 | |d 19910627 00:00:00 | ||
| 952 | |0 0 |1 0 |2 ddc |4 0 |6 909_800000000000000_NER_1980 |7 0 |8 A |9 219525 |a BIBHIS |b BIBHIS |d 2019-11-15 |i 2882329 |o 909.8 NER 1980 |p 2882329 |r 2025-01-20 |t 2 |w 2019-11-15 |y BK |k HIS | ||
| 952 | |0 0 |1 0 |2 ddc |4 0 |6 909_800000000000000_NER_1980 |7 0 |8 A |9 219526 |a BIBEDU |b BIBEDU |d 2019-11-15 |i 1550837 |o 909.8 NER 1980 |p 1550837 |r 2019-11-15 |t 4 |w 2019-11-15 |y BK |k EDU | ||
| 952 | |0 0 |1 0 |2 ddc |4 0 |6 909_800000000000000_NER_1980 |7 0 |8 A |9 219527 |a BIBHIS |b BIBHIS |d 2019-11-15 |i 1382039 |o 909.8 NER 1980 |p 1382039 |r 2025-01-20 |t 3 |w 2019-11-15 |y BK |k HIS | ||
| 952 | |0 0 |1 0 |2 ddc |4 0 |6 909_800000000000000_NER_1980 |7 0 |8 DER_HIS |9 219528 |a BIBDER |b BIBDER |d 2019-11-15 |i 3822400 |o 909.8 NER 1980 |p 3822400 |r 2023-01-25 |t 1 |w 2019-11-15 |x Ubicación 4to Piso |y BK |z Estos recursos deben solicitarse con anticipación |k DER | ||